Príčiny vzniku svetovej krízy a dopady na ekonomiku SR

Príčiny vzniku a dopady celosvetovej krízy na našu krajinu, respektíve celú Eurozónu, ktorej sme súčasťou. Negatívne tendencie globálnej finančnej a hospodárskej krízy a ukazovatele reálnej ekonomiky vyspelých krajín.

Salvato in:
Dettagli Bibliografici
Autore principale: Deáková, Stanislava, 1974-
Altri autori: Kissová, Jana, 1979-
Natura: Capitolo di libro
Lingua:slovacco
Soggetti:
Tags: Aggiungi Tag
Nessun Tag, puoi essere il primo ad aggiungerne!!

MARC

LEADER 00000nla$a2200000$$$4500
001 0146953
005 20240502072644.5
041 0 |a slo 
044 |a SK 
245 1 0 |a Príčiny vzniku svetovej krízy a dopady na ekonomiku SR  |c Stanislava Deáková, Jana Kissová 
520 |a Príčiny vzniku a dopady celosvetovej krízy na našu krajinu, respektíve celú Eurozónu, ktorej sme súčasťou. Negatívne tendencie globálnej finančnej a hospodárskej krízy a ukazovatele reálnej ekonomiky vyspelých krajín. 
610 2 0 |a kríza finančná 
610 2 0 |a Slovensko 
610 2 0 |a eurozóna 
610 2 0 |a politika fiškálna 
610 2 0 |a politika menová 
610 2 0 |a deficit rozpočtový 
610 2 0 |a produkt domáci hrubý 
610 2 0 |a ukazovatele ekonomické 
610 2 0 |a nezamestnanosť 
610 2 0 |a inflácia 
100 1 |a Deáková, Stanislava, 1974- 
700 1 |a Kissová, Jana, 1979-